| 000 | 00994nam a22002177a 4500 | ||
|---|---|---|---|
| 005 | 20140505104826.0 | ||
| 008 | 120217s2010 ck a gr 00010 spa d | ||
| 020 | _a9789586601740 | ||
| 041 | 0 | _aspa | |
| 044 | _ack | ||
| 082 | 0 | 4 |
_a634 _bA77 |
| 100 | 1 |
_aAlvarado-Gaona, Alvaro Enrique. _923996 |
|
| 245 | 1 | 0 |
_aCultivo de arracacha (arracacia xanthorrhiza Bancroft) en los municipios de Turmequé y Boyacá, departamento de Boyacá _cAlvaro Enrique Alvarado Gaona, Lyda Esperanza Ochoa Fonseca. |
| 260 |
_aTunja : _bUniversidad Pedagógica y Tecnológica de Colombia; _bCorporación PBA _c2010. |
||
| 300 |
_a76 p. : _bil. ; _c25 cm. |
||
| 650 | 4 |
_aArracacha _x Enfermedades y plagas _z Boyacá (Departamento, Colombia) _923997 |
|
| 650 | 4 |
_aArracacha _x Enfermedades y plagas _z Turmequé (Municipio, Colombia) _923998 |
|
| 650 | 4 |
_aArracacha _x Cultivo _z Boyacá (Departamento, Colombia) _923999 |
|
| 650 | 4 |
_aArracacha _x Cultivo _z Turmequé (Municipio, Colombia) _924000 |
|
| 942 |
_2ddc _cImpreso |
||
| 999 |
_c8420 _d8420 |
||